|
|
|
|
| LEADER |
01114nam a2200325 a 4500 |
| 001 |
000456712 |
| 003 |
CZ BrMZK |
| 005 |
20210127063514.0 |
| 007 |
ta |
| 008 |
990315s1999 xr e e cze d |
| 015 |
|
|
|a cnb000783627
|
| 020 |
|
|
|a 80-7236-134-1
|
| 035 |
|
|
|a (OCoLC)84990625
|
| 040 |
|
|
|a BOA001
|b cze
|
| 072 |
|
7 |
|a 796
|x Sport. Hry. Tělesná cvičení
|2 Konspekt
|9 20
|
| 080 |
|
|
|a 796.332
|2 MRF
|
| 080 |
|
|
|a (031)
|2 MRF
|
| 245 |
0 |
0 |
|a Kopaná :
|b ilustrovaný průvodce světovým fotbalem : [obsahuje fakta a údaje z fotbalové sezóny 1998-1999] /
|c [šéfredaktor: Keir Radnedge]
|
| 250 |
|
|
|a Čes. vyd. 2.
|
| 260 |
|
|
|a Praha :
|b Jan Vašut,
|c 1999
|
| 300 |
|
|
|a 256 s. :
|b il. (větš. barev.) ;
|c 29 cm
|
| 490 |
1 |
|
|a Velká encyklopedie
|
| 650 |
0 |
7 |
|a fotbal
|7 ph114578
|2 czenas
|
| 655 |
|
7 |
|a encyklopedie
|7 fd132201
|2 czenas
|
| 700 |
1 |
|
|a Radnedge, Keir
|7 xx0002266
|4 edt
|
| 765 |
0 |
|
|t Encyclopedia of soccer
|
| 830 |
|
0 |
|a Velká encyklopedie
|
| 910 |
|
|
|a BOA001
|b 4-1067.261
|
| 990 |
|
|
|a BK
|
| 996 |
6 |
|
|b 2610106343
|c 4-1067.261
|l MZK
|r Sklad / do 1 hodiny
|n 4
|p p.v.
|w 000456712
|u 000010
|a 1
|e BOA001
|j MZK50
|s P
|